00339nam a2200133Ia 4500008004100000020001500041041001200056082001600068100001400084245005200098260003100150300000800181650001600189221030s9999 xx 000 0 und d a8176353620 aEnglish a105.23bOli aD. Oliver 0aTeach yourself HTML 4 in 24 Hourscby D. Oliver bTechmediaaNew Delhic2003 a481 aBE Computer